SKINNY - Billie Eilish - Statistics

General Stats
  • This quiz has been taken 267 times
  • The average score is 128 of 163
Answer Stats
Hint Answer % Correct
I
100%
(I)
100%
a
99%
and
97%
And
97%
skinny
97%
the
96%
But
95%
got
94%
me
94%
is
93%
(Is
93%
love
92%
still
92%
Still
92%
because
91%
in
91%
Just
91%
pretty
91%
think
91%
for
90%
happy
90%
it
90%
look
90%
real
90%
say
90%
she's
90%
you
90%
(You)
90%
old
89%
People
89%
cry
88%
Cry
88%
cry?
88%
maybe
87%
to
87%
do
86%
first
85%
time
85%
Verse 1 Fell
83%
it's
81%
friend
80%
With
80%
when
78%
When
78%
21
76%
good
76%
my
76%
took
73%
feel
72%
I'm
72%
lifetime
71%
sign
71%
off
70%
fine
69%
Feelin'
68%
Verse 2 Am
66%
cage
66%
did
66%
now?
66%
bird
65%
on
65%
know
64%
age
62%
so
62%
your
62%
was
60%
already
59%
dog
59%
acting
58%
stage
58%
out?
57%
said
57%
secret
57%
way
57%
why
57%
step
55%
hungry
52%
internet
52%
keep
52%
didn't
51%
get
51%
funny
48%
never
46%
(Never
46%
meanest
45%
pound
45%
kinda
43%
somebody's
43%
feed
42%
gotta
41%
long
41%
wrong
41%
wrong)
41%
loved
39%
patience
35%
gone
34%
gone)
34%
Chorus Oh
34%
(Oh)
34%
No matching quizzes found
Score Distribution
Percent of People with Each Score
Percentile by Number Answered
Your Score History
You have not taken this quiz